Die Kluft zwischen eingeschätzten und tatsächlichen Fähigkeiten bei der Erhebung der spirituellen Anamnese

Diese Studie behandelt praktische Probleme der spirituellen Anamnese im klinischen Umfeld. Nach einer 180-minütigen Schulung wurden die Teilnehmer eingeladen, spirituelle Anamnesen zu erheben und mit Hilfe von zwei zu diesem Zweck erstellten Fragebögen aus Sicht des Befragers und des Befragten zu be...

Full description

Saved in:  
Bibliographic Details
Authors: Mayr, Beate (Author) ; Elhardt, Eva (Author) ; Riedner, Carola (Author) ; Roser, Traugott 1964- (Author) ; Frick, Eckhard 1955- (Author) ; Paal, Piret (Author)
Format: Electronic Article
Language:German
Check availability: HBZ Gateway
Interlibrary Loan:Interlibrary Loan for the Fachinformationsdienste (Specialized Information Services in Germany)
Published: 2016
In: Spiritual care
Year: 2016, Volume: 5, Issue: 1, Pages: 9-16
Further subjects:B Training
B Evaluation
B spiritual assessment
B Education
B Spirituelle Anamnese
Online Access: Volltext (lizenzpflichtig)
Volltext (lizenzpflichtig)

MARC

LEADER 00000naa a22000002c 4500
001 1937606562
003 DE-627
005 20251002075201.0
007 cr uuu---uuuuu
008 251002s2016 xx |||||o 00| ||ger c
024 7 |a 10.1515/spircare-2016-0003  |2 doi 
035 |a (DE-627)1937606562 
035 |a (DE-599)KXP1937606562 
040 |a DE-627  |b ger  |c DE-627  |e rda 
041 |a ger 
084 |a 1  |2 ssgn 
100 1 |e VerfasserIn  |0 (DE-588)1334222991  |0 (DE-627)1892343614  |4 aut  |a Mayr, Beate 
109 |a Mayr, Beate 
245 1 4 |a Die Kluft zwischen eingeschätzten und tatsächlichen Fähigkeiten bei der Erhebung der spirituellen Anamnese 
264 1 |c 2016 
336 |a Text  |b txt  |2 rdacontent 
337 |a Computermedien  |b c  |2 rdamedia 
338 |a Online-Ressource  |b cr  |2 rdacarrier 
520 |a Diese Studie behandelt praktische Probleme der spirituellen Anamnese im klinischen Umfeld. Nach einer 180-minütigen Schulung wurden die Teilnehmer eingeladen, spirituelle Anamnesen zu erheben und mit Hilfe von zwei zu diesem Zweck erstellten Fragebögen aus Sicht des Befragers und des Befragten zu bewerten. 56 spirituelle Anamnesen wurden durchgeführt. Die Einschätzung der beiden Gruppen zeigte eine statistisch hochsignifikante Übereinstimmung. Die Befrager äußerten (M = 3,4) eine größere Belastung als die Befragten (M = 1,9). Als Belastungsfaktoren wurden eigene Unsicherheit, ablehnende Haltung von Patienten und wenig unterstützende äußere Bedingungen identifiziert. Die Studie machte eine Kluft zwischen den eingeschätzten und tatsächlichen Fähigkeiten bei der Erhebung der spirituellen Anamnese deutlich. 
520 |a This study outlines practical issues concerning spiritual assessment within the clinical setting. After a 180-minute training the participants were invited to conduct spiritual assessments, and evaluate these by means of two questionnaires, from both, the interviewer’s and the interviewee’s perspective. 56 spiritual assessments were conducted. The ratings of both groups demonstrated statistically significant agreements. The interviewers expressed a higher strain (M = 3,4) than the interviewees (M = 1,9). Uncertainties, patients’ reluctant attitudes as well as little support from external conditions were identified as burdensome. The study revealed a gap between the estimated and actual abilities to perform a spiritual assessment. 
601 |a Anamnese 
650 4 |a Ausbildung 
650 4 |a Evaluation 
650 4 |a spiritual assessment 
650 4 |a Spirituelle Anamnese 
650 4 |a Education 
650 4 |a Evaluation 
700 1 |a Elhardt, Eva  |e VerfasserIn  |4 aut 
700 1 |a Riedner, Carola  |e VerfasserIn  |4 aut 
700 1 |e VerfasserIn  |0 (DE-588)120348365  |0 (DE-627)539641634  |0 (DE-576)178544809  |4 aut  |a Roser, Traugott  |d 1964- 
700 1 |e VerfasserIn  |0 (DE-588)123024722  |0 (DE-627)082301034  |0 (DE-576)170505677  |4 aut  |a Frick, Eckhard  |d 1955- 
700 1 |e VerfasserIn  |0 (DE-588)1182254519  |0 (DE-627)1662587449  |4 aut  |a Paal, Piret 
773 0 8 |i Enthalten in  |t Spiritual care  |d Berlin : Walter De Gruyter GmbH, 2012  |g 5(2016), 1, Seite 9-16  |h Online-Ressource  |w (DE-627)718595513  |w (DE-600)2659440-7  |w (DE-576)468220747  |x 2365-8185  |7 nnas 
773 1 8 |g volume:5  |g year:2016  |g number:1  |g pages:9-16 
856 4 0 |u https://doi.org/10.1515/spircare-2016-0003  |x Resolving-System  |z lizenzpflichtig  |3 Volltext  |7 1 
856 4 0 |u https://www.degruyterbrill.com/document/doi/10.1515/spircare-2016-0003/html  |x Verlag  |z lizenzpflichtig  |3 Volltext  |7 1 
951 |a AR 
ELC |a 1 
ITA |a 1  |t 1 
LOK |0 000 xxxxxcx a22 zn 4500 
LOK |0 001 4779738083 
LOK |0 003 DE-627 
LOK |0 004 1937606562 
LOK |0 005 20251002074240 
LOK |0 008 251002||||||||||||||||ger||||||| 
LOK |0 040   |a DE-Tue135  |c DE-627  |d DE-Tue135 
LOK |0 092   |o n 
LOK |0 852   |a DE-Tue135 
LOK |0 852 1  |9 00 
LOK |0 935   |a ixzs  |a ixzo  |a ixrk 
LOK |0 939   |a 02-10-25  |b l01 
ORI |a SA-MARC-ixtheoa001.raw 
STA 0 0 |a Evaluation,Training,Education 
STB 0 0 |a Formation,Évaluation 
STC 0 0 |a Evaluación,Formación 
STD 0 0 |a Formazione,Formazione professionale,Formazione professionale,Valutazione 
STE 0 0 |a 职业教育,职业培训,评估,评定,评价 
STF 0 0 |a 職業教育,職業培訓,評估,評定,評價 
STG 0 0 |a Avaliação,Formação 
STH 0 0 |a Обучение,Оценивание 
STI 0 0 |a Αξιολόγηση,Κατάρτιση,Επαγγελματική εκπαίδευση 
SYE 0 0 |a Evaluierung , Evaluierung